[Event "Titled Tuesday intern op 22nd Aug Early"]
[Site "Chess.com INT"]
[Date "2023.08.22"]
[Round "2"]
[White "Itgelt, Khuyagtsogt"]
[Black "Liu, Leonardo"]
[Result "1-0"]
[WhiteElo "2397"]
[BlackElo "1907"]
[PlyCount "211"]
[EventDate "2023.08.22"]
[EventType "swiss (blitz)"]
[EventRounds "11"]
[EventCountry "USA"]
[SourceTitle "EXT 2024"]
[Source "ChessBase"]
[SourceDate "2023.10.10"]
[SourceVersion "1"]
[SourceVersionDate "2023.10.10"]
[SourceQuality "1"]

1. d4 Nf6 2. c4 g6 3. g3 Bg7 4. Bg2 0-0 5. Nc3 d6 6. Nf3 Nc6 7. 0-0 Bg4 8. d5 Na5 9. Nd2 c5 10. Qc2 a6 11. a3 Qc8 12. Na4 Qd8 13. h3 Bxe2 14. Re1 Bxc4 15. Nxc4 Nxc4 16. Nxc5 dxc5 17. Qxc4 Nd7 18. Bg5 b5 19. Qe2 f6 20. Qe6+ Kh8 21. Bf4 Ne5 22. Rad1 Qd6 23. Bxe5 fxe5 24. Be4 Rf6 25. Qg4 Raf8 26. Re2 R6f7 27. h4 Rf6 28. h5 gxh5 29. Qxh5 Rh6 30. Qg4 c4 31. Kg2 a5 32. Re3 Rhf6 33. Re2 Rh6 34. Re3 b4 35. axb4 axb4 36. Bb1 Qf6 37. Rf3 Qxf3+ 38. Qxf3 Rxf3 39. Kxf3 Rf6+ 40. Ke2 Bh6 41. f4 exf4 42. gxf4 Rxf4 43. d6 exd6 44. Rxd6 Rf8 45. Rxh6 Re8+ 46. Kd1 Rd8+ 47. Kc1 Rf8 48. Rxh7+ Kg8 49. Rh1 Rf2 50. Be4 Kf7 51. Bd5+ Ke7 52. Bxc4 Kd6 53. Rd1+ Kc5 54. Bb3 Rh2 55. Rd5+ Kb6 56. Rd2 Kc5 57. Kc2 Rh3 58. Rd5+ Kb6 59. Rd3 Rh2+ 60. Rd2 Rh3 61. Bc4 Kc5 62. b3 Rc3+ 63. Kb2 Rh3 64. Rd5+ Kc6 65. Rb5 Rh2+ 66. Kc1 Rh1+ 67. Kd2 Rh2+ 68. Ke1 Rh1+ 69. Kf2 Rh2+ 70. Kg3 Rc2 71. Rxb4 Rc3+ 72. Kf4 Kc5 73. Rb5+ Kc6 74. Ke4 Rc1 75. Re5 Re1+ 76. Kf5 Rf1+ 77. Ke6 Rd1 78. Re4 Kc5 79. Re5+ Kb4 80. Rb5+ Kc3 81. Rd5 Re1+ 82. Kd6 Kb4 83. Kc6 Kc3 84. Kb5 Re8 85. Rd3+ Kb2 86. b4 Rb8+ 87. Kc5 Rc8+ 88. Kd4 Rd8+ 89. Bd5 Rb8 90. Kc5 Rc8+ 91. Bc6 Rh8 92. b5 Rh5+ 93. Rd5 Rh6 94. b6 Rh8 95. b7 Rb8 96. Kb6 Rxb7+ 97. Kxb7 Ka3 98. Kb6 Kb2 99. Rd3 Ka1 100. Rf3 Kb2 101. Kc5 Ka2 102. Kc4 Kb2 103. Rf2+ Ka1 104. Bd5 Kb1 105. Kc3 Ka1 106. Rf1# 1-0

[Event "Titled Tuesday intern op 22nd Aug Early"]
[Site "Chess.com INT"]
[Date "2023.08.22"]
[Round "3"]
[White "Liu, Leonardo"]
[Black "Chyzy, Jakub"]
[Result "0-1"]
[WhiteElo "1907"]
[BlackElo "2267"]
[PlyCount "77"]
[EventDate "2023.08.22"]
[EventType "swiss (blitz)"]
[EventRounds "11"]
[EventCountry "USA"]
[SourceTitle "EXT 2024"]
[Source "ChessBase"]
[SourceDate "2023.10.10"]
[SourceVersion "1"]
[SourceVersionDate "2023.10.10"]
[SourceQuality "1"]

1. e4 Nf6 2. e5 Nd5 3. c4 Nb6 4. d4 d6 5. exd6 exd6 6. Nc3 Be7 7. Be3 0-0 8. b3 Bf6 9. Rc1 Nc6 10. Nf3 Bg4 11. Be2 Re8 12. 0-0 d5 13. h3 Bxf3 14. Bxf3 dxc4 15. d5 Ne5 16. Bxb6 axb6 17. bxc4 Nxf3+ 18. Qxf3 Bxc3 19. Qxc3 Rxa2 20. Rfe1 h6 21. Re5 Rxe5 22. Qxe5 Qg5 23. Qe8+ Kh7 24. Re1 Qf4 25. Qe4+ Qxe4 26. Rxe4 Rc2 27. Kf1 Kg6 28. g4 f5 29. Re6+ Kg5 30. Re7 Rxc4 31. Rxg7+ Kf6 32. Rh7 fxg4 33. hxg4 Kg6 34. Rd7 b5 35. Kg2 b4 36. Kg3 b3 37. d6 b2 38. Rxc7 b1Q 39. Rc5 0-1

[Event "Titled Tuesday intern op 01st Aug Early"]
[Site "Chess.com INT"]
[Date "2023.08.01"]
[Round "7"]
[White "Liu, Leonardo"]
[Black "Kotyk, Michael"]
[Result "0-1"]
[WhiteElo "1907"]
[BlackElo "2167"]
[PlyCount "38"]
[EventDate "2023.08.01"]
[EventType "swiss (blitz)"]
[EventRounds "11"]
[EventCountry "USA"]
[SourceTitle "EXT 2024"]
[Source "ChessBase"]
[SourceDate "2023.10.10"]
[SourceVersion "1"]
[SourceVersionDate "2023.10.10"]
[SourceQuality "1"]

1. e4 e5 2. Nf3 Nc6 3. Bc4 Nf6 4. d3 d5 5. exd5 Nxd5 6. c3 Bc5 7. Qb3 0-0 8. Bxd5 Na5 9. Qb5 Qxd5 10. Be3 b6 11. b4 a6 12. Qa4 Bxe3 13. fxe3 Qxd3 14. bxa5 Qxe3+ 15. Kf1 Bf5 16. Ne1 Rad8 17. axb6 cxb6 18. Qc4 Rd1 19. Qe2 Bd3 0-1

[Event "New York qual"]
[Site "New York"]
[Date "2023.07.09"]
[Round "6"]
[White "Liu, Leonardo"]
[Black "Raparthi, Ankit"]
[Result "1-0"]
[WhiteElo "1871"]
[BlackElo "1924"]
[PlyCount "93"]
[EventDate "2023.07.06"]
[EventType "tourn"]
[EventRounds "9"]
[EventCountry "USA"]
[SourceTitle "EXT 2024"]
[Source "ChessBase"]
[SourceDate "2023.10.10"]
[SourceVersion "1"]
[SourceVersionDate "2023.10.10"]
[SourceQuality "1"]

1. e4 c6 2. Nc3 d5 3. Nf3 dxe4 4. Nxe4 Nf6 5. Qe2 Nxe4 6. Qxe4 Be6 7. b3 Nd7 8. Bb2 Nf6 9. Qe3 Nd5 10. Qe4 Nf6 11. Qe2 Bg4 12. h3 Bxf3 13. Qxf3 e6 14. Bd3 Be7 15. Qg3 0-0 16. Qh4 g6 17. Qh6 Nh5 18. Qe3 Bf6 19. 0-0-0 Bxb2+ 20. Kxb2 Qf6+ 21. c3 Nf4 22. Be4 a5 23. h4 a4 24. b4 Nd5 25. Qc5 Rfc8 26. a3 Rd8 27. h5 g5 28. Rhf1 Qf4 29. Bc2 Rac8 30. g3 Qf3 31. Qc4 b5 32. Qc5 h6 33. Rfe1 Nf6 34. d3 Qd5 35. Qb6 Nd7 36. Qe3 c5 37. bxc5 Nxc5 38. d4 Nd7 39. Qd3 Nf6 40. f4 Qc4 41. fxg5 hxg5 42. Re5 Rd5 43. Qe3 Kh8 44. Rd3 Nh7 45. Qf3 Rc7 46. h6 Rb7 47. Rde3 1-0

[Event "Titled Tuesday intern op 07th Feb Late"]
[Site "Chess.com INT"]
[Date "2023.02.07"]
[Round "8"]
[White "Liu, Leonardo"]
[Black "Fathy, Elameir"]
[Result "0-1"]
[WhiteElo "1919"]
[BlackElo "2300"]
[PlyCount "94"]
[EventDate "2023.02.07"]
[EventType "swiss (blitz)"]
[EventRounds "11"]
[EventCountry "USA"]
[SourceTitle "EXT 2024"]
[Source "ChessBase"]
[SourceDate "2023.10.10"]
[SourceVersion "1"]
[SourceVersionDate "2023.10.10"]
[SourceQuality "1"]

1. e4 c6 2. Nf3 d5 3. Nc3 Bg4 4. h3 Bxf3 5. Qxf3 e6 6. g3 Nd7 7. Bg2 d4 8. Ne2 Qb6 9. 0-0 Ne5 10. Qb3 d3 11. cxd3 Qxb3 12. axb3 Nxd3 13. f4 Bc5+ 14. Kh2 h5 15. Nc3 Nf6 16. Na4 Ng4+ 17. hxg4 hxg4+ 18. Bh3 Rxh3+ 19. Kg2 0-0-0 20. Nxc5 Nxc5 21. d4 Nxb3 22. Rxa7 Kb8 23. Ra4 Rdh8 24. Be3 Rh2+ 25. Kg1 Rxb2 26. Rb4 Rhh2 27. Rf2 Rhxf2 28. Bxf2 Rb1+ 29. Kg2 Nd2 30. Rxb1 Nxb1 31. Be3 Nc3 32. e5 Nd5 33. Bc1 b5 34. Kf2 Kb7 35. Ke2 Kb6 36. Kd2 Ka5 37. Kc2 b4 38. Kb3 Kb5 39. Bd2 c5 40. dxc5 Kxc5 41. Be1 Kd4 42. Bxb4 Nxb4 43. Kxb4 Ke4 44. Kc5 Kf3 45. Kd6 Kxg3 46. Ke7 Kxf4 47. Kd6 g3 0-1

[Event "Titled Tuesday intern op 07th Feb Late"]
[Site "Chess.com INT"]
[Date "2023.02.07"]
[Round "2"]
[White "Liu, Leonardo"]
[Black "Urbina Perez, Juan Antonio"]
[Result "0-1"]
[WhiteElo "1919"]
[BlackElo "2274"]
[PlyCount "112"]
[EventDate "2023.02.07"]
[EventType "swiss (blitz)"]
[EventRounds "11"]
[EventCountry "USA"]
[SourceTitle "EXT 2024"]
[Source "ChessBase"]
[SourceDate "2023.10.10"]
[SourceVersion "1"]
[SourceVersionDate "2023.10.10"]
[SourceQuality "1"]

1. e4 e5 2. Nf3 Nf6 3. Nxe5 d6 4. Nf3 Nxe4 5. Nc3 Nxc3 6. dxc3 Be7 7. Bc4 0-0 8. Be3 Nc6 9. Qd2 Ne5 10. Bb3 Bg4 11. Nd4 c5 12. h3 Bh5 13. Nf5 c4 14. Ba4 a6 15. Bb6 Qxb6 16. Nxe7+ Kh8 17. 0-0 Qd8 18. Nf5 b5 19. f4 Nc6 20. Qd5 Qb6+ 21. Kh2 Qc5 22. Qxc5 dxc5 23. Nd6 f6 24. Nxb5 axb5 25. Bxb5 Na5 26. Rae1 Rab8 27. a4 Be8 28. Bxe8 Rfxe8 29. Rb1 Re2 30. Rfd1 Rxc2 31. Rd5 Nb3 32. Rd7 h6 33. Re1 Rxb2 34. Ree7 Rg8 35. Ra7 Ra2 36. a5 Rxa5 37. Rad7 Ra2 38. Kg3 Nd2 39. Re2 Nf1+ 40. Kf2 Rxe2+ 41. Kxe2 Ng3+ 42. Kf3 Nf5 43. Rd5 Nh4+ 44. Kg4 Ng6 45. Rxc5 Kh7 46. Rxc4 Re8 47. g3 Re3 48. Rc7 h5+ 49. Kf5 Rxg3 50. c4 Rf3 51. Ke4 Rxf4+ 52. Ke3 Rf5 53. c5 Re5+ 54. Kf3 Ne7 55. Kf4 Nd5+ 56. Kf3 Nxc7 0-1

[Event "Titled Tuesday intern op 07th Feb Late"]
[Site "Chess.com INT"]
[Date "2023.02.07"]
[Round "7"]
[White "Prieto Aranguren, Alain"]
[Black "Liu, Leonardo"]
[Result "1-0"]
[WhiteElo "2268"]
[BlackElo "1919"]
[PlyCount "79"]
[EventDate "2023.02.07"]
[EventType "swiss (blitz)"]
[EventRounds "11"]
[EventCountry "USA"]
[SourceTitle "EXT 2024"]
[Source "ChessBase"]
[SourceDate "2023.10.10"]
[SourceVersion "1"]
[SourceVersionDate "2023.10.10"]
[SourceQuality "1"]

1. e4 c5 2. Bc4 g6 3. Qf3 e6 4. Nc3 Bg7 5. Nb5 d6 6. Qg3 e5 7. d3 a6 8. Nc3 Ne7 9. Bg5 h6 10. Be3 b5 11. Bb3 Bb7 12. h4 Nd7 13. h5 g5 14. Nd5 Nxd5 15. Bxd5 Bxd5 16. exd5 f5 17. Qh3 0-0 18. c4 e4 19. dxe4 Bxb2 20. Rb1 Bc3+ 21. Kf1 Ne5 22. cxb5 axb5 23. Ne2 b4 24. Nxc3 bxc3 25. exf5 Rxa2 26. g4 c4 27. Kg2 Qa8 28. Rbd1 c2 29. Rd4 Nd3 30. Qg3 Rf6 31. Qf3 Ra1 32. Rxa1 Qxa1 33. Qe4 c1Q 34. Bxc1 Qxc1 35. Rxc4 Ne1+ 36. Kf1 Qd1 37. Rc8+ Rf8 38. Qe6+ Kh7 39. Qg6+ Kh8 40. Rxf8# 1-0

[Event "Titled Tuesday intern op 07th Feb Late"]
[Site "Chess.com INT"]
[Date "2023.02.07"]
[Round "5"]
[White "Rizzo, Tobias"]
[Black "Liu, Leonardo"]
[Result "1-0"]
[WhiteElo "1867"]
[BlackElo "1919"]
[PlyCount "65"]
[EventDate "2023.02.07"]
[EventType "swiss (blitz)"]
[EventRounds "11"]
[EventCountry "USA"]
[SourceTitle "EXT 2024"]
[Source "ChessBase"]
[SourceDate "2023.10.10"]
[SourceVersion "1"]
[SourceVersionDate "2023.10.10"]
[SourceQuality "1"]

1. d4 Nf6 2. Bg5 g6 3. Bxf6 exf6 4. c4 Bg7 5. Nc3 0-0 6. e4 Nc6 7. Nf3 d6 8. Be2 f5 9. 0-0 fxe4 10. Nxe4 Re8 11. Nc3 Bg4 12. d5 Bxf3 13. Bxf3 Nd4 14. g3 Nxf3+ 15. Qxf3 Qd7 16. Rfe1 Re5 17. Rxe5 dxe5 18. g4 f5 19. gxf5 gxf5 20. Kh1 Kh8 21. Rg1 e4 22. Qf4 Re8 23. Nd1 Be5 24. Qg5 Qf7 25. b3 f4 26. Qg4 Bd4 27. Rg2 Be5 28. Rg1 Rd8 29. Qg5 Re8 30. Rg4 Rg8 31. Qxe5+ Rg7 32. Rxf4 Qg6 33. Rf8# 1-0

[Event "Titled Tuesday intern op 22 Mar Late"]
[Site "Chess.com INT"]
[Date "2022.03.22"]
[Round "6"]
[White "Liu, Leonardo"]
[Black "Sailer, Mike L"]
[Result "1-0"]
[WhiteElo "1767"]
[BlackElo "2109"]
[PlyCount "25"]
[EventDate "2022.03.22"]
[EventType "swiss (blitz)"]
[EventRounds "11"]
[EventCountry "USA"]
[SourceTitle "CBM 207 Extra"]
[Source "ChessBase"]
[SourceDate "2022.05.31"]
[SourceVersion "1"]
[SourceVersionDate "2022.05.31"]
[SourceQuality "1"]

1. e4 d5 2. exd5 Qxd5 3. d4 Nc6 4. Nf3 Bg4 5. Be2 0-0-0 6. c4 Qf5 7. Be3 e5 8. d5 e4 9. Nd4 Nxd4 10. Bxg4 Nc2+ 11. Kd2 Nxe3 12. fxe3 Bb4+ 13. Nc3 1-0

[Event "Titled Tuesday intern op 22 Mar Late"]
[Site "Chess.com INT"]
[Date "2022.03.22"]
[Round "5"]
[White "Liu, Leonardo"]
[Black "Seul, Georg"]
[Result "0-1"]
[WhiteElo "1767"]
[BlackElo "2377"]
[PlyCount "118"]
[EventDate "2022.03.22"]
[EventType "swiss (blitz)"]
[EventRounds "11"]
[EventCountry "USA"]
[SourceTitle "CBM 207 Extra"]
[Source "ChessBase"]
[SourceDate "2022.05.31"]
[SourceVersion "1"]
[SourceVersionDate "2022.05.31"]
[SourceQuality "1"]

1. e4 c6 2. Nc3 d5 3. Nf3 Bg4 4. h3 Bxf3 5. Qxf3 e6 6. Be2 d4 7. Nb1 Nd7 8. d3 Bd6 9. 0-0 Ne7 10. Bf4 Bxf4 11. Qxf4 e5 12. Qg3 Ng6 13. Nd2 0-0 14. Bg4 Nf6 15. Nc4 Qe7 16. a4 Nf4 17. a5 h5 18. Bf3 g6 19. Qh2 h4 20. g3 hxg3 21. fxg3 N4h5 22. Qf2 Kg7 23. Bg2 Rae8 24. c3 c5 25. b4 Rd8 26. cxd4 Rxd4 27. bxc5 Qxc5 28. Rfd1 Nxg3 29. Qxg3 Rxc4+ 30. Kh2 Rd4 31. Rdc1 Qd6 32. Bf1 Nh5 33. Qf3 Nf4 34. Rc3 Rd8 35. Rb1 Qe7 36. Rbc1 R8d7 37. Be2 Qd8 38. Rc8 Qxa5 39. R1c3 Qa2 40. Rc2 Qe6 41. R8c3 Rd8 42. Qe3 Rh8 43. Bf1 b6 44. Rc6 Qe7 45. Rc7 Qf6 46. R7c6 Qh4 47. R6c3 Rhd8 48. Ra2 R8d7 49. Rac2 Qg5 50. Rf2 Qf6 51. Bg2 a5 52. Bf3 a4 53. Be2 b5 54. Qc1 b4 55. Rc6 R7d6 56. Rc7 Qh4 57. Kg1 Qg3+ 58. Kf1 Nxh3 59. Bf3 Qxf2# 0-1

[Event "Titled Tuesday intern op 22 Mar Late"]
[Site "Chess.com INT"]
[Date "2022.03.22"]
[Round "3"]
[White "Liu, Leonardo"]
[Black "Swicarz, Maciej"]
[Result "0-1"]
[WhiteElo "1767"]
[BlackElo "2332"]
[PlyCount "92"]
[EventDate "2022.03.22"]
[EventType "swiss (blitz)"]
[EventRounds "11"]
[EventCountry "USA"]
[SourceTitle "CBM 207 Extra"]
[Source "ChessBase"]
[SourceDate "2022.05.31"]
[SourceVersion "1"]
[SourceVersionDate "2022.05.31"]
[SourceQuality "1"]

1. e4 c6 2. Nc3 d5 3. Nf3 Nf6 4. exd5 cxd5 5. Bb5+ Bd7 6. Bxd7+ Nbxd7 7. 0-0 e6 8. d4 Bd6 9. Re1 0-0 10. Ne5 a6 11. Bg5 Qc7 12. f4 Rac8 13. Re3 h6 14. Bh4 b5 15. a3 Be7 16. Bg3 Bd6 17. Qd2 Nb6 18. Bh4 Bxe5 19. fxe5 Nc4 20. Qe2 Nxe3 21. Qxe3 Nh7 22. Rf1 Qc4 23. Qf2 a5 24. Be7 b4 25. axb4 axb4 26. Bxf8 Rxf8 27. Na4 Ng5 28. Nc5 Ne4 29. Nxe4 dxe4 30. h3 e3 31. Qxe3 Qxc2 32. Rf2 Qb1+ 33. Kh2 Rc8 34. Qf3 Rc7 35. Qa8+ Kh7 36. Qb8 Qe1 37. Qxc7 Qxf2 38. Qc5 Qxb2 39. Kh1 Qc3 40. Qe7 b3 41. Qb7 Qc2 42. Kh2 b2 43. Qxf7 b1Q 44. Qxe6 Qf1 45. Qd5 Qf4+ 46. Kg1 Qd1# 0-1

[Event "Titled Tuesday intern op 22 Mar Late"]
[Site "Chess.com INT"]
[Date "2022.03.22"]
[Round "8"]
[White "Liu, Leonardo"]
[Black "Vovk, Orest"]
[Result "0-1"]
[WhiteElo "1767"]
[BlackElo "2315"]
[PlyCount "72"]
[EventDate "2022.03.22"]
[EventType "swiss (blitz)"]
[EventRounds "11"]
[EventCountry "USA"]
[SourceTitle "CBM 207 Extra"]
[Source "ChessBase"]
[SourceDate "2022.05.31"]
[SourceVersion "1"]
[SourceVersionDate "2022.05.31"]
[SourceQuality "1"]

1. e4 Nf6 2. e5 Nd5 3. c4 Nb6 4. d4 d6 5. exd6 exd6 6. Nf3 Be7 7. Be2 0-0 8. 0-0 Bf6 9. Nc3 Nc6 10. b3 Bg4 11. Be3 Re8 12. Rc1 d5 13. c5 Nc8 14. h3 Bh5 15. Nh2 Bxe2 16. Nxe2 N8e7 17. Ng4 Nf5 18. Nf4 Nxe3 19. fxe3 Bg5 20. Qd3 Qd7 21. Rce1 Re4 22. Nf2 Bxf4 23. Nxe4 dxe4 24. Qxe4 Bh6 25. Qf3 Re8 26. Kh1 f5 27. a3 g6 28. b4 Re4 29. b5 Ne7 30. g4 Qd5 31. Re2 fxg4 32. hxg4 Rxg4 33. e4 Rh4+ 34. Kg2 Qg5+ 35. Kf2 Rh2+ 36. Ke1 Qc1# 0-1

[Event "Titled Tuesday intern op 22nd Feb Late"]
[Site "Chess.com INT"]
[Date "2022.02.22"]
[Round "2"]
[White "Dauner, Benedikt"]
[Black "Liu, Leonardo"]
[Result "1/2-1/2"]
[WhiteElo "2321"]
[BlackElo "1767"]
[PlyCount "156"]
[EventDate "2022.02.22"]
[EventType "swiss (blitz)"]
[EventRounds "11"]
[EventCountry "USA"]
[SourceTitle "CBM 207 Extra"]
[Source "ChessBase"]
[SourceDate "2022.05.31"]
[SourceVersion "1"]
[SourceVersionDate "2022.05.31"]
[SourceQuality "1"]

1. d4 Nf6 2. Nf3 g6 3. Nc3 Bg7 4. e4 d6 5. Be2 0-0 6. 0-0 c5 7. dxc5 dxc5 8. Be3 b6 9. Bc4 Bb7 10. e5 Ng4 11. Bxf7+ Kxf7 12. Ng5+ Kg8 13. Qxg4 Qd7 14. Qc4+ Kh8 15. Nf7+ Rxf7 16. Qxf7 Nc6 17. Rad1 Qg4 18. h3 Qb4 19. Qb3 Qh4 20. Qa4 Qh5 21. Qg4 Qxe5 22. Rfe1 Qf6 23. Nd5 Qf7 24. Bg5 Ne5 25. Qg3 Bxd5 26. Rxe5 e6 27. Ree1 Bxb2 28. Bf4 Rf8 29. Be5+ Bxe5 30. Qxe5+ Kg8 31. f3 Bxa2 32. Rd6 Bd5 33. Rd1 Qf5 34. Qxf5 Rxf5 35. Rd8+ Kg7 36. Rd7+ Rf7 37. Rxf7+ Kxf7 38. Kf2 Bc6 39. Ke3 Kf6 40. g4 Bd5 41. f4 a5 42. Rb1 a4 43. Rxb6 a3 44. Ra6 a2 45. c3 g5 46. Ra7 gxf4+ 47. Kxf4 e5+ 48. Ke3 Kg5 49. Kd3 h6 50. c4 Bg2 51. Rxa2 Bxh3 52. Ke4 Bxg4 53. Kxe5 h5 54. Kd5 h4 55. Kxc5 h3 56. Kd4 Kf4 57. c5 Kg3 58. c6 h2 59. Ra1 Kg2 60. c7 h1Q 61. Rxh1 Kxh1 62. Ke4 Bc8 63. Ke5 Bh3 64. Kf6 Kh2 65. Ke7 Kg3 66. Kd8 Kh2 67. Ke7 Kg3 68. Kd6 Kh2 69. Ke5 Kg3 70. Ke4 Kh2 71. Kf4 Bc8 72. Kf3 Kh3 73. Kf4 Kh4 74. Ke5 Kg5 75. Kd6 Bg4 76. Ke7 Kf4 77. Kd8 Ke5 78. c8Q Bxc8 1/2-1/2

[Event "Titled Tuesday intern op 22nd Feb Late"]
[Site "Chess.com INT"]
[Date "2022.02.22"]
[Round "5"]
[White "Levine, Joseph1111"]
[Black "Liu, Leonardo"]
[Result "1-0"]
[WhiteElo "2173"]
[BlackElo "1767"]
[PlyCount "59"]
[EventDate "2022.02.22"]
[EventType "swiss (blitz)"]
[EventRounds "11"]
[EventCountry "USA"]
[SourceTitle "CBM 207 Extra"]
[Source "ChessBase"]
[SourceDate "2022.05.31"]
[SourceVersion "1"]
[SourceVersionDate "2022.05.31"]
[SourceQuality "1"]

1. e4 c5 2. Nf3 g6 3. d4 cxd4 4. Nxd4 Bg7 5. Nc3 Nc6 6. Be3 Nf6 7. Bc4 0-0 8. Bb3 Ng4 9. Qxg4 Nxd4 10. 0-0-0 Nxb3+ 11. axb3 d6 12. Qe2 Bxc3 13. bxc3 Qa5 14. Kb2 Be6 15. Ra1 Qc7 16. h4 Rac8 17. Bd4 a5 18. h5 Bd7 19. e5 g5 20. h6 f6 21. exf6 exf6 22. Rhe1 Rce8 23. Qf3 Bc6 24. Qf5 Bd7 25. Qd5+ Kh8 26. Qxg5 Bc6 27. Bxf6+ Rxf6 28. Qxf6+ Kg8 29. Rxe8+ Bxe8 30. Re1 1-0

[Event "Titled Tuesday intern op 22nd Feb Late"]
[Site "Chess.com INT"]
[Date "2022.02.22"]
[Round "6"]
[White "Liu, Leonardo"]
[Black "Vine, Elzbieta"]
[Result "1-0"]
[WhiteElo "1767"]
[BlackElo "2138"]
[PlyCount "53"]
[EventDate "2022.02.22"]
[EventType "swiss (blitz)"]
[EventRounds "11"]
[EventCountry "USA"]
[SourceTitle "CBM 207 Extra"]
[Source "ChessBase"]
[SourceDate "2022.05.31"]
[SourceVersion "1"]
[SourceVersionDate "2022.05.31"]
[SourceQuality "1"]

1. e4 c5 2. Nc3 d6 3. g3 Nc6 4. Bg2 Nf6 5. d3 Bg4 6. Nge2 Qc8 7. h3 Bd7 8. Be3 g6 9. Qd2 Bg7 10. Bh6 0-0 11. Bxg7 Kxg7 12. h4 a6 13. Nf4 b5 14. h5 b4 15. Ncd5 Nxd5 16. Nxd5 c4 17. hxg6 fxg6 18. Qh6+ Kf7 19. Qxh7+ Ke8 20. Qxg6+ Kd8 21. Nb6 Qb7 22. Nxa8 cxd3 23. cxd3 Nd4 24. 0-0 Qxa8 25. Qg7 Ke8 26. Qxd4 Rg8 27. Qd5 1-0

[Event "Titled Tuesday intern op 28th Dec"]
[Site "Chess.com INT"]
[Date "2021.12.28"]
[Round "1"]
[White "Aggelis, Nikolaos"]
[Black "Liu, Leonardo"]
[Result "0-1"]
[WhiteElo "2284"]
[BlackElo "1767"]
[PlyCount "90"]
[EventDate "2021.12.28"]
[EventType "swiss (blitz)"]
[EventRounds "11"]
[EventCountry "USA"]
[SourceTitle "CBM 206 Extra"]
[Source "ChessBase"]
[SourceDate "2022.03.31"]
[SourceVersion "1"]
[SourceVersionDate "2022.03.31"]
[SourceQuality "1"]

1. d4 Nf6 2. g3 g6 3. Bg2 Bg7 4. Nf3 0-0 5. 0-0 d6 6. b3 Nc6 7. Bb2 Bd7 8. Nbd2 Rb8 9. Re1 a6 10. e4 b5 11. a4 Ne8 12. axb5 axb5 13. e5 Bf5 14. Nh4 Bd7 15. Qe2 e6 16. Rad1 d5 17. f4 Ne7 18. g4 b4 19. Qf2 f5 20. exf6 Nxf6 21. h3 Re8 22. Nhf3 Nc6 23. Ng5 h6 24. Ngf3 Kh7 25. Ne5 Nxe5 26. dxe5 Ng8 27. Nf3 Rf8 28. Qd2 c5 29. Nh4 Ne7 30. Rf1 Nc6 31. Nf3 Qe7 32. Ra1 Qf7 33. Nh4 Qe7 34. Nf3 Qf7 35. Ne1 Ra8 36. Nd3 Qe7 37. Qe3 c4 38. Nc5 c3 39. Rxa8 Rxa8 40. Nxd7 cxb2 41. Nf6+ Bxf6 42. exf6 Qxf6 43. g5 Qd4 44. Qxd4 Nxd4 45. Kf2 Ra1 0-1

[Event "Titled Tuesday intern op 28th Dec"]
[Site "Chess.com INT"]
[Date "2021.12.28"]
[Round "5"]
[White "Liu, Leonardo"]
[Black "Gevorgyan, Maria"]
[Result "1-0"]
[WhiteElo "1767"]
[BlackElo "2218"]
[PlyCount "89"]
[EventDate "2021.12.28"]
[EventType "swiss (blitz)"]
[EventRounds "11"]
[EventCountry "USA"]
[SourceTitle "CBM 206 Extra"]
[Source "ChessBase"]
[SourceDate "2022.03.31"]
[SourceVersion "1"]
[SourceVersionDate "2022.03.31"]
[SourceQuality "1"]

1. e4 c5 2. Nc3 e6 3. g3 d5 4. exd5 exd5 5. Bg2 Nf6 6. d3 Be6 7. Bg5 Be7 8. Nge2 Nc6 9. 0-0 0-0 10. Nf4 d4 11. Bxf6 Bxf6 12. Ne4 Be7 13. Qh5 Qb6 14. Nxe6 fxe6 15. Bh3 Nb4 16. a3 Nd5 17. Rae1 Nc7 18. b3 Rae8 19. f4 Nd5 20. Nd2 Ne3 21. Nc4 Qa6 22. Nxe3 dxe3 23. Rxe3 Bf6 24. Rfe1 Bd4 25. Kf1 Bxe3 26. Rxe3 Qd6 27. Qe2 Rf6 28. Bg2 Qd4 29. Bxb7 Qa1+ 30. Kg2 Qxa3 31. Bd5 h6 32. f5 Kh8 33. Rxe6 Rfxe6 34. fxe6 Qb2 35. e7 Qf6 36. Be4 Rxe7 37. Qg4 g6 38. Qc8+ Kg7 39. Qxc5 Rf7 40. Qg1 Qc3 41. Qd1 Rc7 42. Qg4 Qxc2+ 43. Kh3 g5 44. Qf5 Rc6 45. Qd7+ 1-0

[Event "Titled Tuesday intern op 21st Dec"]
[Site "Chess.com INT"]
[Date "2021.12.21"]
[Round "1"]
[White "Liu, Leonardo"]
[Black "Villalba, Marcelo"]
[Result "0-1"]
[WhiteElo "1767"]
[BlackElo "2258"]
[PlyCount "82"]
[EventDate "2021.12.21"]
[EventType "swiss (blitz)"]
[EventRounds "11"]
[EventCountry "USA"]
[SourceTitle "CBM 205 Extra"]
[Source "ChessBase"]
[SourceDate "2022.01.31"]
[SourceVersion "1"]
[SourceVersionDate "2022.01.31"]
[SourceQuality "1"]

1. e4 e5 2. Nf3 Nc6 3. Bc4 Bc5 4. c3 Nf6 5. d3 a5 6. Nbd2 d6 7. Bb3 0-0 8. Nf1 Be6 9. Be3 Re8 10. Bc2 Bxe3 11. Nxe3 d5 12. Qe2 d4 13. Nf5 Bxf5 14. exf5 Qd7 15. Nh4 dxc3 16. bxc3 Nd5 17. 0-0 Nxc3 18. Qh5 Nd4 19. Rac1 Nd5 20. Bd1 Nf4 21. Qg5 Qe7 22. Qg4 h5 23. f6 hxg4 24. fxe7 Nde2+ 25. Bxe2 Nxe2+ 26. Kh1 Nxc1 27. Rxc1 Rxe7 28. Nf5 Rd7 29. Ne3 c6 30. Nxg4 Rxd3 31. Nxe5 Rd2 32. Ng4 Re8 33. h3 Ree2 34. Nh2 Rxf2 35. Nf3 Rxa2 36. Rg1 f6 37. h4 a4 38. h5 a3 39. Nh4 Rad2 40. Re1 Rfe2 41. Rb1 a2 0-1

[Event "Titled Tuesday intern op 07th Sept"]
[Site "Chess.com INT"]
[Date "2021.09.07"]
[Round "6"]
[White "Chen, Max"]
[Black "Liu, Leonardo"]
[Result "1-0"]
[WhiteElo "1997"]
[BlackElo "1689"]
[PlyCount "77"]
[EventDate "2021.09.07"]
[EventType "swiss (blitz)"]
[EventRounds "11"]
[EventCountry "USA"]
[SourceTitle "EXT 2022"]
[Source "ChessBase"]
[SourceDate "2021.10.06"]
[SourceVersion "1"]
[SourceVersionDate "2021.10.06"]
[SourceQuality "1"]

1. e4 c5 2. Nf3 g6 3. c3 Bg7 4. d4 cxd4 5. cxd4 d5 6. exd5 Qxd5 7. Nc3 Qa5 8. Be2 Bg4 9. 0-0 e6 10. h3 Bxf3 11. Bxf3 Nc6 12. Be3 Nge7 13. a3 0-0 14. b4 Qc7 15. Rc1 Rfd8 16. Ne2 Qd7 17. Qb3 Nf5 18. Rfd1 Ncxd4 19. Nxd4 Nxd4 20. Bxd4 Bxd4 21. Rc4 e5 22. Rdc1 Rac8 23. Bg4 Rxc4 24. Rxc4 Qe7 25. Qc2 Kg7 26. Rc7 Qf6 27. Rxb7 Bb6 28. Bf3 Qe6 29. a4 Rc8 30. Qd2 Qb3 31. a5 Bd8 32. Qd7 Rc1+ 33. Kh2 Bg5 34. Bd5 Bf4+ 35. g3 Qd1 36. Qxf7+ Kh6 37. Qxh7+ Kg5 38. Qh4+ Kf5 39. Rf7# 1-0

[Event "Titled Tuesday intern op 07th Sept"]
[Site "Chess.com INT"]
[Date "2021.09.07"]
[Round "2"]
[White "Liu, Leonardo"]
[Black "Tan, Ralph"]
[Result "1-0"]
[WhiteElo "1689"]
[BlackElo "1929"]
[PlyCount "45"]
[EventDate "2021.09.07"]
[EventType "swiss (blitz)"]
[EventRounds "11"]
[EventCountry "USA"]
[SourceTitle "EXT 2022"]
[Source "ChessBase"]
[SourceDate "2021.10.06"]
[SourceVersion "1"]
[SourceVersionDate "2021.10.06"]
[SourceQuality "1"]

1. e4 c6 2. Nc3 d5 3. Nf3 dxe4 4. Nxe4 Nf6 5. Nxf6+ exf6 6. d4 Bd6 7. Bd3 0-0 8. Be3 Re8 9. Qd2 Nd7 10. 0-0-0 Nf8 11. Kb1 Be6 12. Rdg1 Rc8 13. g4 c5 14. d5 Bd7 15. g5 f5 16. h4 b5 17. h5 Qc7 18. g6 f4 19. Qc3 hxg6 20. hxg6 fxg6 21. Bxg6 b4 22. Bh7+ Kf7 23. Qxg7# 1-0